000 00446nam a2200157 i 4500
001 149926
003 ES-MaACL
005 20230906203319.0
007 t|
008 071025s1932 fr ||||1| fre d
100 1 _aVallaux, Camille.
_9112743
245 1 0 _aMers et océans /
_cpar Camille Vallaux.
260 _aParis :
_bRieder,
_c1932 (
_fPresses Universitaires)
300 _a100 p., 40 lám. :
_bil. ;
_c20 cm.
852 _aES-MaACL
_jA-1553
999 _c149926
_d149926